Protestant Reformatiion (Record no. 804)

MARC details
000 -LEADER
fixed length control field 00531nam a2200229 a 4500
020 ## - INTERNATIONAL STANDARD BOOK NUMBER
ISBN
082 00 - DEWEY DECIMAL CLASSIFICATION NUMBER
Classification number 270.6
Author Cutter DAN
100 ## - MAIN ENTRY--AUTHOR NAME
Author name Daniel-Rops, H
245 ## - TITLE STATEMENT
Title Protestant Reformatiion
260 ## - PUBLICATION, DISTRIBUTION, ETC. (IMPRINT)
Place of publication London
Name of publisher J. M. Dent & Sons Ltd
Year of publication 1963
300 ## - PHYSICAL DESCRIPTION
Number of Pages 57op
500 ## - GENERAL NOTE
General note includes index and biblioraphy
505 2# - FORMATTED CONTENTS NOTE
Formatted contents note Index
650 ## - SUBJECT ADDED ENTRY--TOPICAL TERM
Topical Term Reformation
942 ## - ADDED ENTRY ELEMENTS (KOHA)
Koha item type Books
Holdings
Collection code Home library Current library Shelving location Date acquired Cost, normal purchase price Full call number Accession Number Koha item type
Reference Henry Martyn Institute Library Henry Martyn Institute Library Reference 05/24/2005 0.00 270.6 DAN 03328 Books
                   Copyright © 2026 | Henry Martyn Institute | Hyderabad | TS-500052 | INDIA | Implemented by hmi.edu.in
Hit-Count:

Powered by Koha